[Event "DEM U14 2024"]
[Site "Willingen GER"]
[Date "2024.05.22"]
[Round "5"]
[White "Malinowsky, Levi"]
[Black "Martemyanov, Mikhail"]
[Result "1-0"]
[Termination "normal"]
[Board "12"]
[WhiteTitle "CM"]
[WhiteElo "1990"]
[BlackElo "1720"]
[WhiteClock "00:10:15"]
[BlackClock "00:00:31"]
[PlyCount "61"]
[WhiteFideId "16253094"]
[BlackFideId "34303774"]
[EventCountry "GER"]
[EventRounds "9"]
[EventType "swiss"]
[EventDate "2024.05.18"]

1. e4 {[%clk 01:30:58]} {[%emt 00:00:02]} c5 {[%clk 01:30:56]} {[%emt
00:00:04]} 2. Nf3 {[%clk 01:31:23]} {[%emt 00:00:05]} e6 {[%clk 01:31:20]}
{[%emt 00:00:06]} 3. d4 {[%clk 01:31:46]} {[%emt 00:00:06]} cxd4 {[%clk
01:31:43]} {[%emt 00:00:08]} 4. Nxd4 {[%clk 01:32:09]} {[%emt 00:00:07]} a6
{[%clk 01:32:04]} {[%emt 00:00:09]} 5. Bd3 {[%clk 01:32:16]} {[%emt 00:00:22]}
Bc5 {[%clk 01:32:18]} {[%emt 00:00:17]} 6. Nb3 {[%clk 01:32:14]} {[%emt
00:00:31]} Ba7 {[%clk 01:32:38]} {[%emt 00:00:11]} 7. Qe2 {[%clk 01:32:23]}
{[%emt 00:00:20]} d6 {[%clk 01:29:29]} {[%emt 00:03:39]} 8. Be3 {[%clk
01:31:43]} {[%emt 00:01:10]} Nc6 {[%clk 01:28:47]} {[%emt 00:01:12]} 9. c4
{[%clk 01:27:37]} {[%emt 00:04:36]} Nge7 {[%clk 01:23:44]} {[%emt 00:05:34]}
10. Nc3 {[%clk 01:23:54]} {[%emt 00:04:12]} O-O {[%clk 01:22:17]} {[%emt
00:01:57]} 11. Rd1 {[%clk 01:14:48]} {[%emt 00:09:36]} Qc7 {[%clk 01:10:45]}
{[%emt 00:12:04]} 12. f4 {[%clk 01:06:21]} {[%emt 00:08:56]} Rd8 {[%clk
00:55:46]} {[%emt 00:15:28]} 13. a3 {[%clk 00:59:33]} {[%emt 00:07:19]} Bd7
{[%clk 00:46:31]} {[%emt 00:09:45]} 14. O-O {[%clk 00:57:33]} {[%emt 00:02:29]}
Na5 {[%clk 00:37:38]} {[%emt 00:09:25]} 15. Bxa7 {[%clk 00:51:26]} {[%emt
00:06:36]} Rxa7 {[%clk 00:37:49]} {[%emt 00:00:19]} 16. Nxa5 {[%clk 00:50:29]}
{[%emt 00:01:27]} Qxa5 {[%clk 00:37:58]} {[%emt 00:00:20]} 17. Kh1 {[%clk
00:48:50]} {[%emt 00:02:09]} Raa8 {[%clk 00:30:51]} {[%emt 00:07:38]} 18. Rf3
{[%clk 00:33:48]} {[%emt 00:15:31]} Bc6 {[%clk 00:20:17]} {[%emt 00:11:05]} 19.
Rh3 {[%clk 00:30:41]} {[%emt 00:03:37]} Ng6 {[%clk 00:17:08]} {[%emt 00:03:40]}
20. Rf1 {[%clk 00:29:07]} {[%emt 00:02:02]} e5 {[%clk 00:16:10]} {[%emt
00:01:30]} 21. Qh5 {[%clk 00:28:26]} {[%emt 00:01:10]} h6 {[%clk 00:05:26]}
{[%emt 00:11:15]} 22. Rg3 {[%clk 00:22:28]} {[%emt 00:06:28]} Kf8 {[%clk
00:02:32]} {[%emt 00:03:24]} 23. f5 {[%clk 00:17:18]} {[%emt 00:05:40]} Nf4
{[%emt 00:01:18]} 24. Rxf4 {[%clk 00:17:13]} {[%emt 00:00:33]} exf4 {[%clk
00:01:12]} {[%emt 00:01:05]} 25. Rxg7 {[%clk 00:17:20]} {[%emt 00:00:23]} Be8
{[%clk 00:00:41]} {[%emt 00:01:00]} 26. Qg4 {[%clk 00:14:04]} {[%emt 00:03:46]}
Ke7 {[%clk 00:00:33]} {[%emt 00:00:39]} 27. f6+ {[%clk 00:13:28]} {[%emt
00:01:05]} Kxf6 {[%clk 00:00:52]} {[%emt 00:00:11]} 28. Nd5+ {[%clk 00:12:17]}
{[%emt 00:01:41]} Ke5 {[%clk 00:00:42]} {[%emt 00:00:40]} 29. Qxf4+ {[%clk
00:12:17]} {[%emt 00:00:31]} Kd4 {[%clk 00:00:31]} {[%emt 00:00:41]} 30. b4
{[%clk 00:10:12]} {[%emt 00:02:35]} Qa4 {[%clk 00:00:31]} {[%emt 00:00:29]} 31.
Qf2+ {[%clk 00:10:15]} {[%emt 00:00:25]} 1-0

[Event "DEM U14 2024"]
[Site "Willingen GER"]
[Date "2024.05.22"]
[Round "5"]
[White "Uyar, Levin"]
[Black "Stichter, Constantin Paul"]
[Result "1/2-1/2"]
[Termination "normal"]
[Board "13"]
[WhiteElo "1868"]
[BlackElo "2022"]
[WhiteClock "00:06:42"]
[BlackClock "00:14:13"]
[PlyCount "40"]
[WhiteFideId "16282108"]
[BlackFideId "34603140"]
[EventCountry "GER"]
[EventRounds "9"]
[EventType "swiss"]
[EventDate "2024.05.18"]

1. e4 {[%clk 01:30:56]} {[%emt 00:00:02]} c5 {[%clk 01:30:53]} {[%emt
00:00:07]} 2. Nf3 {[%clk 01:31:21]} {[%emt 00:00:05]} e6 {[%clk 01:31:18]}
{[%emt 00:00:06]} 3. c3 {[%clk 01:31:46]} {[%emt 00:00:05]} Nc6 {[%clk
01:24:30]} {[%emt 00:07:19]} 4. d4 {[%clk 01:27:01]} {[%emt 00:05:14]} cxd4
{[%clk 01:23:19]} {[%emt 00:01:41]} 5. cxd4 {[%clk 01:27:11]} {[%emt 00:00:20]}
d5 {[%clk 01:19:14]} {[%emt 00:04:35]} 6. e5 {[%clk 01:19:58]} {[%emt
00:07:43]} Bd7 {[%clk 01:19:15]} {[%emt 00:00:29]} 7. Nc3 {[%clk 01:04:38]}
{[%emt 00:15:49]} a6 {[%clk 01:19:20]} {[%emt 00:00:26]} 8. Bd3 {[%clk
00:55:15]} {[%emt 00:09:53]} Qb6 {[%clk 01:06:59]} {[%emt 00:12:51]} 9. Na4
{[%clk 00:43:20]} {[%emt 00:12:24]} Qa5+ {[%clk 01:03:42]} {[%emt 00:03:48]}
10. Nc3 {[%clk 00:37:13]} {[%emt 00:06:36]} b5 {[%clk 01:00:33]} {[%emt
00:03:41]} 11. O-O {[%clk 00:35:50]} {[%emt 00:01:52]} b4 {[%clk 00:52:49]}
{[%emt 00:08:14]} 12. Ne2 {[%clk 00:35:21]} {[%emt 00:00:59]} Na7 {[%clk
00:43:26]} {[%emt 00:09:54]} 13. Be3 {[%clk 00:27:48]} {[%emt 00:08:02]} Bb5
{[%clk 00:42:06]} {[%emt 00:01:50]} 14. Ne1 {[%clk 00:23:14]} {[%emt 00:05:03]}
Ne7 {[%clk 00:24:49]} {[%emt 00:17:48]} 15. Ng3 {[%clk 00:20:38]} {[%emt
00:03:05]} Nac6 {[%clk 00:20:43]} {[%emt 00:04:36]} 16. Qe2 {[%clk 00:12:24]}
{[%emt 00:08:44]} Rb8 {[%clk 00:16:49]} {[%emt 00:04:23]} 17. f4 {[%clk
00:09:36]} {[%emt 00:03:18]} g6 {[%clk 00:16:53]} {[%emt 00:00:27]} 18. Rf2
{[%clk 00:07:20]} {[%emt 00:02:46]} Kd7 {[%clk 00:14:30]} {[%emt 00:02:53]} 19.
a4 {[%clk 00:06:24]} {[%emt 00:01:25]} Bxd3 {[%clk 00:14:13]} {[%emt 00:00:47]}
20. Nxd3 {[%clk 00:06:42]} {[%emt 00:00:13]} Nf5 {[%emt 00:02:26]} 1/2-1/2

[Event "DEM U14 2024"]
[Site "Willingen GER"]
[Date "2024.05.22"]
[Round "5"]
[White "Nguyen, Thanh An"]
[Black "Schwitkowski, Luka"]
[Result "0-1"]
[Termination "normal"]
[Board "14"]
[WhiteElo "1794"]
[BlackElo "2028"]
[WhiteClock "01:11:14"]
[BlackClock "00:26:31"]
[PlyCount "100"]
[WhiteFideId "34627804"]
[BlackFideId "34610669"]
[EventCountry "GER"]
[EventRounds "9"]
[EventType "swiss"]
[EventDate "2024.05.18"]

1. e4 {[%clk 01:30:59]} {[%emt 00:00:01]} c5 {[%clk 01:30:42]} {[%emt
00:00:18]} 2. Nf3 {[%clk 01:31:24]} {[%emt 00:00:05]} Nc6 {[%clk 01:31:05]}
{[%emt 00:00:07]} 3. d4 {[%clk 01:30:44]} {[%emt 00:01:10]} cxd4 {[%clk
01:28:44]} {[%emt 00:02:50]} 4. Nxd4 {[%clk 01:31:09]} {[%emt 00:00:06]} Nf6
{[%clk 01:28:59]} {[%emt 00:00:15]} 5. Nc3 {[%clk 01:31:20]} {[%emt 00:00:19]}
e5 {[%clk 01:29:20]} {[%emt 00:00:08]} 6. Nf5 {[%clk 01:31:16]} {[%emt
00:00:34]} d5 {[%clk 01:26:58]} {[%emt 00:02:52]} 7. exd5 {[%clk 01:30:07]}
{[%emt 00:01:40]} Bxf5 {[%clk 01:27:18]} {[%emt 00:00:11]} 8. dxc6 {[%clk
01:30:30]} {[%emt 00:00:06]} Qxd1+ {[%clk 01:27:30]} {[%emt 00:00:17]} 9. Nxd1
{[%clk 01:30:14]} {[%emt 00:00:46]} bxc6 {[%clk 01:26:40]} {[%emt 00:01:20]}
10. Ne3 {[%clk 01:30:30]} {[%emt 00:00:14]} Bg6 {[%clk 01:18:25]} {[%emt
00:08:46]} 11. Bd3 {[%clk 01:24:38]} {[%emt 00:06:22]} Bxd3 {[%clk 01:15:43]}
{[%emt 00:03:12]} 12. cxd3 {[%clk 01:25:01]} {[%emt 00:00:07]} Nd5 {[%clk
01:11:16]} {[%emt 00:04:56]} 13. g3 {[%clk 01:23:33]} {[%emt 00:01:58]} Kd7
{[%clk 01:03:05]} {[%emt 00:08:41]} 14. Bd2 {[%clk 01:21:13]} {[%emt 00:02:51]}
Rb8 {[%clk 01:02:37]} {[%emt 00:00:58]} 15. Nc4 {[%clk 01:20:45]} {[%emt
00:00:58]} f6 {[%clk 01:03:02]} {[%emt 00:00:05]} 16. a3 {[%clk 01:20:46]}
{[%emt 00:00:29]} h5 {[%clk 01:01:13]} {[%emt 00:02:18]} 17. h4 {[%clk
01:19:28]} {[%emt 00:01:49]} Bc5 {[%clk 00:59:51]} {[%emt 00:01:52]} 18. Be3
{[%clk 01:18:54]} {[%emt 00:01:03]} Bxe3 {[%clk 00:47:24]} {[%emt 00:12:58]}
19. fxe3 {[%clk 01:19:17]} {[%emt 00:00:07]} Rb3 {[%clk 00:46:31]} {[%emt
00:01:22]} 20. Kd2 {[%clk 01:19:06]} {[%emt 00:00:42]} Rhb8 {[%clk 00:45:56]}
{[%emt 00:01:05]} 21. Rab1 {[%clk 01:15:50]} {[%emt 00:03:46]} Ne7 {[%clk
00:40:36]} {[%emt 00:05:50]} 22. e4 {[%clk 01:07:29]} {[%emt 00:08:51]} Ke6
{[%clk 00:40:17]} {[%emt 00:00:48]} 23. Rhg1 {[%clk 01:07:27]} {[%emt
00:00:33]} Rd8 {[%clk 00:40:34]} {[%emt 00:00:12]} 24. Ke2 {[%clk 01:06:31]}
{[%emt 00:01:27]} Rbxd3 {[%clk 00:36:39]} {[%emt 00:04:24]} 25. Rbc1 {[%clk
00:59:44]} {[%emt 00:07:18]} R3d4 {[%clk 00:34:36]} {[%emt 00:02:32]} 26. Kf3
{[%clk 00:58:10]} {[%emt 00:02:04]} g6 {[%clk 00:23:47]} {[%emt 00:11:19]} 27.
Rc2 {[%clk 00:56:12]} {[%emt 00:02:29]} f5 {[%clk 00:22:46]} {[%emt 00:01:30]}
28. exf5+ {[%clk 00:55:01]} {[%emt 00:01:41]} gxf5 {[%clk 00:22:24]} {[%emt
00:00:52]} 29. Na5 {[%clk 00:54:46]} {[%emt 00:00:45]} Rd2 {[%clk 00:22:08]}
{[%emt 00:00:47]} 30. Rc3 {[%clk 00:51:42]} {[%emt 00:03:34]} Kf6 {[%clk
00:18:02]} {[%emt 00:04:35]} 31. Rgc1 {[%clk 00:43:10]} {[%emt 00:09:03]} Rxb2
{[%clk 00:18:10]} {[%emt 00:00:21]} 32. Nxc6 {[%clk 00:41:41]} {[%emt
00:02:00]} e4+ {[%clk 00:14:25]} {[%emt 00:04:14]} 33. Ke3 {[%clk 00:41:43]}
{[%emt 00:00:29]} Nd5+ {[%clk 00:14:40]} {[%emt 00:00:14]} 34. Kd4 {[%clk
00:42:05]} {[%emt 00:00:08]} Nxc3+ {[%clk 00:15:03]} {[%emt 00:00:07]} 35. Kxc3
{[%clk 00:42:30]} {[%emt 00:00:06]} Rdd2 {[%clk 00:15:23]} {[%emt 00:00:09]}
36. Nd4 {[%clk 00:42:32]} {[%emt 00:00:28]} Rg2 {[%clk 00:15:18]} {[%emt
00:00:35]} 37. Kc4 {[%clk 00:41:57]} {[%emt 00:01:06]} Rxg3 {[%clk 00:14:40]}
{[%emt 00:01:08]} 38. Kd5 {[%clk 00:42:17]} {[%emt 00:00:10]} Rd3 {[%clk
00:14:33]} {[%emt 00:00:37]} 39. Rc6+ {[%clk 00:42:27]} {[%emt 00:00:20]} Kf7
{[%clk 00:14:38]} {[%emt 00:00:18]} 40. Ke5 {[%clk 00:42:31]} {[%emt 00:00:33]}
e3 {[%clk 00:14:46]} {[%emt 00:00:21]} 41. Nxf5 {[%clk 00:41:48]} {[%emt
00:01:13]} Rb5+ {[%clk 00:13:24]} {[%emt 00:01:50]} 42. Ke4 {[%clk 00:41:20]}
{[%emt 00:01:01]} Rbb3 {[%clk 00:11:38]} {[%emt 00:02:15]} 43. Rc7+ {[%clk
00:40:39]} {[%emt 00:01:12]} Ke8 {[%clk 00:29:03]} {[%emt 00:13:03]} 44. Ng7+
{[%clk 01:10:45]} {[%emt 00:00:25]} Kf8 {[%clk 00:28:43]} {[%emt 00:00:50]} 45.
Ne6+ {[%clk 01:11:08]} {[%emt 00:00:07]} Kg8 {[%clk 00:28:52]} {[%emt
00:00:21]} 46. Rc8+ {[%clk 01:11:04]} {[%emt 00:00:35]} Kf7 {[%clk 00:27:10]}
{[%emt 00:02:10]} 47. Ng5+ {[%clk 01:11:23]} {[%emt 00:00:12]} Ke7 {[%clk
00:26:25]} {[%emt 00:01:14]} 48. Rc7+ {[%clk 01:11:20]} {[%emt 00:00:34]} Rd7
{[%clk 00:26:23]} {[%emt 00:00:31]} 49. Rc2 {[%clk 01:11:08]} {[%emt 00:00:44]}
Rxa3 {[%clk 00:26:38]} {[%emt 00:00:15]} 50. Nh3 {[%clk 01:11:14]} {[%emt
00:00:24]} e2 {[%clk 00:26:31]} {[%emt 00:00:36]} 0-1

[Event "DEM U14 2024"]
[Site "Willingen GER"]
[Date "2024.05.22"]
[Round "5"]
[White "Vranckx, Oscar"]
[Black "Derr, Oleg"]
[Result "1/2-1/2"]
[Termination "normal"]
[Board "15"]
[WhiteElo "1870"]
[BlackElo "1946"]
[WhiteClock "00:56:42"]
[BlackClock "01:05:49"]
[PlyCount "52"]
[WhiteFideId "34608788"]
[BlackFideId "34611517"]
[EventCountry "GER"]
[EventRounds "9"]
[EventType "swiss"]
[EventDate "2024.05.18"]

1. e4 {[%clk 01:30:58]} c5 {[%clk 01:30:52]} {[%emt 00:00:09]} 2. Nf3 {[%clk
01:31:22]} {[%emt 00:00:05]} Nc6 {[%clk 01:31:14]} {[%emt 00:00:10]} 3. d4
{[%clk 01:31:45]} {[%emt 00:00:06]} cxd4 {[%clk 01:31:39]} {[%emt 00:00:06]} 4.
Nxd4 {[%clk 01:32:09]} {[%emt 00:00:05]} Nf6 {[%clk 01:32:06]} {[%emt
00:00:04]} 5. Nc3 {[%clk 01:32:31]} {[%emt 00:00:07]} e6 {[%clk 01:32:33]}
{[%emt 00:00:04]} 6. Nxc6 {[%clk 01:32:55]} {[%emt 00:00:06]} bxc6 {[%clk
01:32:59]} {[%emt 00:00:04]} 7. e5 {[%clk 01:33:19]} {[%emt 00:00:05]} Nd5
{[%clk 01:33:26]} {[%emt 00:00:03]} 8. Ne4 {[%clk 01:33:44]} {[%emt 00:00:05]}
Bb7 {[%clk 01:33:54]} {[%emt 00:00:02]} 9. c4 {[%clk 01:32:59]} {[%emt
00:01:15]} Nb4 {[%clk 01:34:15]} {[%emt 00:00:09]} 10. Bd2 {[%clk 01:30:15]}
{[%emt 00:03:14]} c5 {[%clk 01:34:33]} {[%emt 00:00:12]} 11. Bxb4 {[%clk
01:28:30]} {[%emt 00:02:15]} cxb4 {[%clk 01:34:59]} {[%emt 00:00:05]} 12. Bd3
{[%clk 01:25:49]} {[%emt 00:03:10]} Qa5 {[%clk 01:34:05]} {[%emt 00:01:24]} 13.
Qd2 {[%clk 01:21:35]} {[%emt 00:04:44]} Qxe5 {[%clk 01:33:56]} {[%emt
00:00:39]} 14. O-O-O {[%clk 01:22:01]} {[%emt 00:00:05]} Be7 {[%clk 01:31:02]}
{[%emt 00:03:23]} 15. Rhe1 {[%clk 01:19:58]} {[%emt 00:02:32]} Qc7 {[%clk
01:30:54]} {[%emt 00:00:39]} 16. Kb1 {[%clk 01:18:43]} {[%emt 00:01:45]} O-O
{[%clk 01:30:19]} {[%emt 00:01:05]} 17. f4 {[%clk 01:16:58]} {[%emt 00:02:16]}
f5 {[%clk 01:28:20]} {[%emt 00:02:28]} 18. Ng3 {[%clk 01:16:24]} {[%emt
00:01:04]} Bc5 {[%clk 01:24:38]} {[%emt 00:04:11]} 19. Bc2 {[%clk 01:11:18]}
{[%emt 00:05:37]} Bc6 {[%clk 01:23:17]} {[%emt 00:01:50]} 20. Re5 {[%clk
01:08:53]} {[%emt 00:02:56]} Qb6 {[%clk 01:20:06]} {[%emt 00:03:41]} 21. Ne2
{[%clk 01:00:22]} {[%emt 00:09:01]} Rad8 {[%clk 01:11:08]} {[%emt 00:09:27]}
22. g4 {[%clk 00:58:54]} {[%emt 00:01:59]} Rde8 {[%clk 01:07:27]} {[%emt
00:04:11]} 23. gxf5 {[%clk 00:57:08]} {[%emt 00:02:17]} exf5 {[%clk 01:07:18]}
{[%emt 00:00:38]} 24. Rxe8 {[%clk 00:57:07]} {[%emt 00:00:31]} Rxe8 {[%clk
01:07:44]} {[%emt 00:00:05]} 25. Bxf5 {[%clk 00:57:30]} {[%emt 00:00:06]} g6
{[%clk 01:05:49]} {[%emt 00:02:25]} 26. Bd3 {[%clk 00:56:42]} {[%emt 00:01:18]}
Qb7 {[%emt 00:07:01]} 1/2-1/2

[Event "DEM U14 2024"]
[Site "Willingen GER"]
[Date "2024.05.22"]
[Round "5"]
[White "Goldkuhle, Collin"]
[Black "Hellenbroich, Hanno"]
[Result "1-0"]
[Termination "normal"]
[Board "16"]
[WhiteElo "1909"]
[BlackElo "1739"]
[WhiteClock "00:43:03"]
[BlackClock "00:12:11"]
[PlyCount "51"]
[WhiteFideId "16271106"]
[BlackFideId "16270762"]
[EventCountry "GER"]
[EventRounds "9"]
[EventType "swiss"]
[EventDate "2024.05.18"]

1. e4 {[%clk 01:30:46]} {[%emt 00:00:13]} c5 {[%clk 01:30:31]} {[%emt
00:00:29]} 2. Nc3 {[%clk 01:31:08]} {[%emt 00:00:09]} e5 {[%clk 01:30:01]}
{[%emt 00:00:59]} 3. Bc4 {[%clk 01:28:03]} {[%emt 00:03:34]} Nf6 {[%clk
01:29:56]} {[%emt 00:00:36]} 4. d3 {[%clk 01:27:35]} {[%emt 00:00:58]} Nc6
{[%clk 01:29:08]} {[%emt 00:01:19]} 5. f4 {[%clk 01:27:34]} {[%emt 00:00:30]}
exf4 {[%clk 01:29:12]} {[%emt 00:00:26]} 6. Nf3 {[%clk 01:27:27]} {[%emt
00:00:36]} Bd6 {[%clk 01:27:10]} {[%emt 00:02:33]} 7. O-O {[%clk 01:23:42]}
{[%emt 00:04:15]} h6 {[%clk 01:25:15]} {[%emt 00:02:25]} 8. e5 {[%clk
01:15:32]} {[%emt 00:08:41]} Bxe5 {[%clk 01:21:18]} {[%emt 00:04:27]} 9. Nxe5
{[%clk 01:15:10]} {[%emt 00:00:51]} Nxe5 {[%clk 01:21:18]} {[%emt 00:00:30]}
10. Bxf4 {[%clk 01:14:45]} {[%emt 00:00:55]} d6 {[%clk 01:16:14]} {[%emt
00:05:34]} 11. Re1 {[%clk 01:09:08]} {[%emt 00:06:07]} O-O {[%clk 01:16:05]}
{[%emt 00:00:39]} 12. Qd2 {[%clk 01:02:01]} {[%emt 00:07:37]} Ng6 {[%clk
01:13:24]} {[%emt 00:03:10]} 13. Bg3 {[%clk 00:57:49]} {[%emt 00:04:43]} d5
{[%clk 01:06:56]} {[%emt 00:06:58]} 14. Bb3 {[%clk 00:56:22]} {[%emt 00:01:58]}
a6 {[%clk 01:04:35]} {[%emt 00:02:49]} 15. Qf2 {[%clk 00:54:49]} {[%emt
00:02:04]} b6 {[%clk 01:00:47]} {[%emt 00:04:19]} 16. a4 {[%clk 00:53:03]}
{[%emt 00:02:17]} Ng4 {[%clk 00:37:56]} {[%emt 00:23:20]} 17. Qf3 {[%clk
00:52:23]} {[%emt 00:01:08]} Nf6 {[%clk 00:29:38]} {[%emt 00:08:49]} 18. Nxd5
{[%clk 00:52:19]} {[%emt 00:00:34]} Nxd5 {[%clk 00:29:47]} {[%emt 00:00:22]}
19. Bxd5 {[%clk 00:52:10]} {[%emt 00:00:38]} Ra7 {[%clk 00:29:45]} {[%emt
00:00:32]} 20. Bb3 {[%clk 00:51:14]} {[%emt 00:01:26]} Qd4+ {[%clk 00:29:03]}
{[%emt 00:01:12]} 21. Bf2 {[%clk 00:50:10]} {[%emt 00:01:34]} Qxb2 {[%clk
00:27:58]} {[%emt 00:01:35]} 22. d4 {[%clk 00:49:35]} {[%emt 00:01:05]} cxd4
{[%clk 00:24:01]} {[%emt 00:04:27]} 23. Qc6 {[%clk 00:44:19]} {[%emt 00:05:45]}
Nf4 {[%clk 00:19:46]} {[%emt 00:04:46]} 24. Qxb6 {[%clk 00:43:34]} {[%emt
00:01:15]} Rb7 {[%clk 00:14:22]} {[%emt 00:05:55]} 25. Qd6 {[%clk 00:43:05]}
{[%emt 00:00:58]} Nd3 {[%clk 00:12:11]} {[%emt 00:02:41]} 26. Bxd4 {[%clk
00:43:03]} {[%emt 00:00:32]} 1-0

[Event "DEM U14 2024"]
[Site "Willingen GER"]
[Date "2024.05.22"]
[Round "5"]
[White "Sickmann, Lisa"]
[Black "Henn, Jakob"]
[Result "1-0"]
[Termination "normal"]
[Board "17"]
[WhiteTitle "WFM"]
[WhiteElo "1980"]
[BlackElo "1760"]
[WhiteClock "01:10:48"]
[BlackClock "00:12:18"]
[PlyCount "99"]
[WhiteFideId "16267818"]
[BlackFideId "34675060"]
[EventCountry "GER"]
[EventRounds "9"]
[EventType "swiss"]
[EventDate "2024.05.18"]

1. e4 {[%clk 01:30:59]} e6 {[%clk 01:30:51]} {[%emt 00:00:09]} 2. d4 {[%clk
01:31:25]} {[%emt 00:00:04]} d5 {[%clk 01:31:18]} {[%emt 00:00:03]} 3. Nc3
{[%clk 01:31:22]} {[%emt 00:00:33]} Nf6 {[%clk 01:31:36]} {[%emt 00:00:12]} 4.
e5 {[%clk 01:31:03]} {[%emt 00:00:50]} Nfd7 {[%clk 01:32:01]} {[%emt 00:00:05]}
5. f4 {[%clk 01:30:36]} {[%emt 00:00:56]} c5 {[%clk 01:32:24]} {[%emt
00:00:07]} 6. Nf3 {[%clk 01:30:47]} {[%emt 00:00:19]} Nc6 {[%clk 01:32:43]}
{[%emt 00:00:11]} 7. Be3 {[%clk 01:30:49]} {[%emt 00:00:27]} cxd4 {[%clk
01:32:52]} {[%emt 00:00:22]} 8. Nxd4 {[%clk 01:30:59]} {[%emt 00:00:19]} Qb6
{[%clk 01:32:58]} {[%emt 00:00:24]} 9. Rb1 {[%clk 01:27:35]} {[%emt 00:03:54]}
Nxd4 {[%clk 01:22:52]} {[%emt 00:10:37]} 10. Bxd4 {[%clk 01:25:13]} {[%emt
00:02:52]} Bc5 {[%clk 01:21:56]} {[%emt 00:01:26]} 11. Nb5 {[%clk 01:19:12]}
{[%emt 00:06:31]} Bxd4 {[%clk 01:18:26]} {[%emt 00:03:59]} 12. Qxd4 {[%clk
01:13:22]} {[%emt 00:06:21]} Qxd4 {[%clk 01:13:04]} {[%emt 00:05:51]} 13. Nxd4
{[%clk 01:13:25]} {[%emt 00:00:27]} a6 {[%clk 01:10:44]} {[%emt 00:02:50]} 14.
Be2 {[%clk 01:11:08]} {[%emt 00:02:47]} Nb8 {[%clk 01:06:16]} {[%emt 00:04:58]}
15. Kd2 {[%clk 01:05:32]} {[%emt 00:06:06]} Nc6 {[%clk 01:05:08]} {[%emt
00:01:37]} 16. c3 {[%clk 01:04:22]} {[%emt 00:01:42]} Bd7 {[%clk 01:01:54]}
{[%emt 00:03:44]} 17. Rbc1 {[%clk 01:03:17]} {[%emt 00:01:33]} Ke7 {[%clk
00:59:32]} {[%emt 00:02:53]} 18. Rhf1 {[%clk 01:02:50]} {[%emt 00:00:57]} Nxd4
{[%clk 00:55:48]} {[%emt 00:04:14]} 19. cxd4 {[%clk 01:03:15]} {[%emt
00:00:05]} Rhc8 {[%clk 00:53:45]} {[%emt 00:02:33]} 20. g4 {[%clk 00:57:12]}
{[%emt 00:06:34]} Rxc1 {[%clk 00:43:03]} {[%emt 00:11:12]} 21. Rxc1 {[%clk
00:57:26]} {[%emt 00:00:16]} Rc8 {[%clk 00:42:23]} {[%emt 00:01:10]} 22. Rxc8
{[%clk 00:54:06]} {[%emt 00:03:50]} Bxc8 {[%clk 00:42:47]} {[%emt 00:00:05]}
23. Kc3 {[%clk 00:54:07]} {[%emt 00:00:30]} a5 {[%clk 00:32:08]} {[%emt
00:11:09]} 24. b4 {[%clk 00:52:22]} {[%emt 00:02:15]} b6 {[%clk 00:28:03]}
{[%emt 00:04:34]} 25. Bb5 {[%clk 00:51:38]} {[%emt 00:01:14]} axb4+ {[%clk
00:18:35]} {[%emt 00:09:59]} 26. Kxb4 {[%clk 00:52:01]} {[%emt 00:00:07]} Bb7
{[%clk 00:18:22]} {[%emt 00:00:43]} 27. h4 {[%clk 00:51:01]} {[%emt 00:01:30]}
g6 {[%clk 00:08:24]} {[%emt 00:10:28]} 28. Bd3 {[%clk 00:49:35]} {[%emt
00:01:55]} Bc6 {[%clk 00:07:19]} {[%emt 00:01:35]} 29. h5 {[%clk 00:47:38]}
{[%emt 00:02:27]} gxh5 {[%clk 00:06:03]} {[%emt 00:01:47]} 30. gxh5 {[%clk
00:47:59]} {[%emt 00:00:08]} h6 {[%clk 00:06:25]} {[%emt 00:00:08]} 31. Bc2
{[%clk 00:47:21]} {[%emt 00:01:08]} Kd7 {[%clk 00:04:44]} {[%emt 00:02:12]} 32.
Ba4 {[%clk 00:47:17]} {[%emt 00:00:34]} Bxa4 {[%clk 00:04:14]} {[%emt
00:01:00]} 33. Kxa4 {[%clk 00:47:43]} {[%emt 00:00:04]} Kc6 {[%clk 00:04:00]}
{[%emt 00:00:44]} 34. Kb4 {[%clk 00:48:06]} {[%emt 00:00:07]} Kc7 {[%clk
00:02:46]} {[%emt 00:01:44]} 35. Kb5 {[%clk 00:48:28]} {[%emt 00:00:08]} Kb7
{[%clk 00:03:08]} {[%emt 00:00:08]} 36. a4 {[%clk 00:48:03]} {[%emt 00:00:55]}
Kc7 {[%clk 00:01:07]} {[%emt 00:02:31]} 37. a5 {[%clk 00:48:05]} {[%emt
00:00:28]} bxa5 {[%clk 00:01:30]} {[%emt 00:00:07]} 38. Kxa5 {[%clk 00:48:32]}
{[%emt 00:00:03]} Kc6 {[%clk 00:00:48]} {[%emt 00:01:11]} 39. Ka6 {[%clk
00:48:58]} {[%emt 00:00:04]} Kc7 {[%clk 00:00:52]} {[%emt 00:00:27]} 40. Kb5
{[%clk 00:49:08]} Kb7 {[%clk 00:01:07]} {[%emt 00:00:35]} 41. Kc5 {[%clk
00:49:27]} Kc7 {[%clk 00:00:59]} {[%emt 00:00:49]} 42. f5 {[%clk 00:46:03]}
exf5 {[%clk 00:27:18]} {[%emt 00:13:01]} 43. Kxd5 {[%clk 01:11:30]} Kd7 {[%clk
00:17:30]} {[%emt 00:10:25]} 44. Kc4 {[%clk 01:11:47]} Ke6 {[%clk 00:14:07]}
{[%emt 00:04:04]} 45. d5+ {[%clk 01:09:58]} Kxe5 {[%clk 00:12:35]} {[%emt
00:04:21]} 46. Kc5 {[%clk 01:10:23]} f4 {[%clk 00:12:56]} {[%emt 00:00:15]} 47.
d6 {[%clk 01:10:48]} f3 {[%clk 00:12:18]} {[%emt 00:01:13]} 48. d7 f2 49. d8=Q
f1=Q 50.Qe7+ 1-0